000 00714nam a22001937a 4500
005 2010082107027.0
010 _aENG-101189
020 _c125.00
035 _aEN-84722
037 _bDBAD/PUB
082 _a230.1
100 _aRaghavendran, T. S.
_916779
245 _aRamayan in nut-shell :
_balong with marga pada in Brahmasutra bhashya /
_cby T. S. Raghavendran
260 _aTiruchanur
_bSri Madhva Siddhanta Onnahini Sabha
270 _bTiruchanur
_e517503
300 _axxviii,232p.:
_bill.
_c22cm (pbk)
_ePhotos
942 _2ddc
_cEN
_h230.1
_mRAG
999 _c42807
_d42807